Largest Cities In Texas With Exceptions - Statistics

General Stats
  • This quiz has been taken 170 times
  • The average score is 14 of 20
Answer Stats
Population Answer % Correct
931,820 Austin
97%
1,469,845 San Antonio
95%
681,124 El Paso
93%
324,074 Corpus Christi
86%
198,645 Amarillo
84%
255,473 Laredo
84%
249,042 Lubbock
83%
183,887 Brownsville
79%
132,356 Waco
75%
140,269 McAllen
72%
132,950 Midland
71%
118,968 Odessa
66%
103,700 Tyler
62%
121,721 Abilene
61%
118,129 Beaumont
60%
104,710 Wichita Falls
57%
140,806 Killeen
54%
107,889 College Station
51%
100,450 San Angelo
48%
115,997 Round Rock
45%
No matching quizzes found
Score Distribution
Percent of People with Each Score
Percentile by Number Answered
Your Score History
You have not taken this quiz